Văn xuôi Việt Nam hiện đại về dân tộc và miền núi
Nghiên cứu về văn xuôi miền núi trước và sau Cách mạng tháng Tám. Diện mạo văn xuôi Việt Nam hiện đại về dân tộc và miền núi. Văn xuôi miền núi nhìn từ các bình diện về con người. Nghệ thuật văn xuôi miền núi và vấn đề truyền thô...
Gardado en:
| Autor Principal: | |
|---|---|
| Formato: | Libro |
| Idioma: | Undetermined |
| Publicado: |
Hà Nội
Văn hóa Dân tộc
2020
|
| Những chủ đề: | |
| Các nhãn: |
Engadir etiqueta
Sen Etiquetas, Sexa o primeiro en etiquetar este rexistro!
|
| Thư viện lưu trữ: | Trung tâm Học liệu Trường Đại học Cần Thơ |
|---|
| LEADER | 01076nam a2200193Ia 4500 | ||
|---|---|---|---|
| 001 | CTU_240184 | ||
| 008 | 210402s9999 xx 000 0 und d | ||
| 082 | |a 895.922808 | ||
| 082 | |b Ngh301 | ||
| 100 | |a Phạm, Duy Nghĩa | ||
| 245 | 0 | |a Văn xuôi Việt Nam hiện đại về dân tộc và miền núi | |
| 245 | 0 | |c Phạm Duy Nghĩa | |
| 260 | |a Hà Nội | ||
| 260 | |b Văn hóa Dân tộc | ||
| 260 | |c 2020 | ||
| 520 | |a Nghiên cứu về văn xuôi miền núi trước và sau Cách mạng tháng Tám. Diện mạo văn xuôi Việt Nam hiện đại về dân tộc và miền núi. Văn xuôi miền núi nhìn từ các bình diện về con người. Nghệ thuật văn xuôi miền núi và vấn đề truyền thống - hiện đại. Nhận diện một số phong cách văn xuôi miền núi | ||
| 650 | |a Vietnamese prose literature,Văn xuôi Việt Nam | ||
| 910 | |b nthai | ||
| 980 | |a Trung tâm Học liệu Trường Đại học Cần Thơ | ||